| 000 | 00974nam a2200229 i 4500 | ||
|---|---|---|---|
| 001 | 189792 | ||
| 003 | ES-MaACL | ||
| 005 | 20250817063137.0 | ||
| 008 | 191126s1966 sp |||| | spa d | ||
| 245 | 0 | 3 | _aEl Condado en el Reino Unido y en los Estados Unidos. |
| 260 |
_aBarcelona : _bInstituto de Ciencias Sociales, Diputación Provincial, _c1966. |
||
| 300 |
_a264 p. ; _c27 cm. |
||
| 490 | 1 |
_aColección de ciencias sociales (Instituto de Ciencias Sociales, Barcelona) ; _v4 _9241794 |
|
| 650 | 4 |
_aAdministración provincial- _zGran Bretaña. _9168888 |
|
| 650 | 4 |
_aAdministración provincial- _zEstados Unidos. _9168889 |
|
| 710 | 0 |
_aInstituto de Ciencias Sociales (Barcelona) _94842 |
|
| 711 | 2 |
_aSemana Internacional de la Provincia ( _n1ª. _d1965. _cBarcelona) _9168887 |
|
| 830 | 0 |
_aColección de ciencias sociales (Instituto de Ciencias Sociales, Barcelona) ; _v4 _9241794 |
|
| 852 |
_aES-MaACL _jP-1087-4 |
||
| 942 | _2udc | ||
| 999 |
_c189792 _d189792 |
||